Three Plays Of Eugene O'neill ;Desire Under The Films Strange Interlude Mourning Becomes Electra. (Record no. 20602)

MARC details
000 -LEADER
fixed length control field 00480nam a22001577a 4500
003 - CONTROL NUMBER IDENTIFIER
control field OSt
005 - DATE AND TIME OF LATEST TRANSACTION
control field 20250826110506.0
008 - FIXED-LENGTH DATA ELEMENTS--GENERAL INFORMATION
fixed length control field 250826b |||||||| |||| 00| 0 eng d
040 ## - CATALOGING SOURCE
Transcribing agency Chuka University Library
100 ## - MAIN ENTRY--PERSONAL NAME
Personal name O'neill Eugene
9 (RLIN) 21627
245 ## - TITLE STATEMENT
Title Three Plays Of Eugene O'neill ;Desire Under The Films Strange Interlude Mourning Becomes Electra.
260 ## - PUBLICATION, DISTRIBUTION, ETC.
Place of publication, distribution, etc. Toronto,Canada
Name of publisher, distributor, etc. Vintage Books
Date of publication, distribution, etc. 1973
300 ## - PHYSICAL DESCRIPTION
Extent 376P.
650 ## - SUBJECT ADDED ENTRY--TOPICAL TERM
Topical term or geographic name entry element Films
9 (RLIN) 21628
942 ## - ADDED ENTRY ELEMENTS (KOHA)
Source of classification or shelving scheme Library of Congress Classification
Koha item type Long Loan Books
Suppress in OPAC No
Holdings
Withdrawn status Lost status Source of classification or shelving scheme Damaged status Not for loan Collection Home library Current library Shelving location Date acquired Source of acquisition Total Checkouts Full call number Barcode Date last seen Copy number Price effective from Koha item type
    Library of Congress Classification     General Collection Books Main Campus Library Postgraduate Library General Stacks 01/07/2025 Donation from Books For Africa   PS 3529 .N5A6 1973 28741/2025 26/08/2025 1 26/08/2025 Long Loan Books

Powered by Koha